|
|
|
|
| LEADER |
01262nam a2200349Ia 4500 |
| 001 |
EBC1092848 |
| 003 |
MiAaPQ |
| 005 |
20200520144314.0 |
| 006 |
m o d | |
| 007 |
cr cn||||||||| |
| 008 |
121218s2013 enk sb 001 0 eng d |
| 010 |
|
|
|z 2012039768
|
| 020 |
|
|
|z 9780857083913
|
| 020 |
|
|
|a 9780857083883 (electronic bk.)
|
| 035 |
|
|
|a (MiAaPQ)EBC1092848
|
| 035 |
|
|
|a (Au-PeEL)EBL1092848
|
| 035 |
|
|
|a (CaPaEBR)ebr10631321
|
| 035 |
|
|
|a (CaONFJC)MIL418201
|
| 035 |
|
|
|a (OCoLC)811427177
|
| 040 |
|
|
|a MiAaPQ
|c MiAaPQ
|d MiAaPQ
|
| 050 |
|
4 |
|a HD57.7
|b .A76 2013
|
| 100 |
1 |
|
|a Arnander, Fredrik.
|
| 245 |
1 |
0 |
|a We are all leaders
|h [electronic resource] :
|b leadership is not a position - it's a mindset /
|c Fredrik Arnander.
|
| 260 |
|
|
|a Chichester, West Sussex :
|b Capstone,
|c 2013.
|
| 300 |
|
|
|a xii, 256 p.
|
| 504 |
|
|
|a Includes bibliographical references and index.
|
| 533 |
|
|
|a Electronic reproduction. Ann Arbor, MI : ProQuest, 2015. Available via World Wide Web. Access may be limited to ProQuest affiliated libraries.
|
| 650 |
|
0 |
|a Leadership.
|
| 650 |
|
0 |
|a Ability.
|
| 655 |
|
4 |
|a Electronic books.
|
| 710 |
2 |
|
|a ProQuest (Firm)
|
| 856 |
4 |
0 |
|u https://ebookcentral.proquest.com/lib/matrademy/detail.action?docID=1092848
|z Click to View
|